000 00734nam a2200205Ii 4500
003 JO-AjNU
008 230605s9999||||xx |||||||||||||| ||und||
040 _aJO-AjNU
_bara
_erda
_cJO-AjNU
041 _aara
050 1 4 _aHA29.5.A7.A27.1989
100 3 _aابوصالح،محمد صبحي/عدنان محمد عوض,
_eauthor
_914960
245 0 0 _aمبادىء الاحصاءج2:الاحصاءات المالية والادارية والحيوية
250 _aط2
264 3 1 _aعمان:دار الفرقان للنشر والتوزيع،1989
300 _a209ص
336 _atext
_btxt
_2rdacontent
337 _aunmediated
_bn
_2rdamedia
338 _avolume
_bnc
_2rdacarrier
650 4 _aالاحصاء الرياضي
_914961
999 _aA4114
_c7682
_d7682